| 000 | 06525nam a22007697a 4500 | ||
|---|---|---|---|
| 001 | B-262128-168 | ||
| 003 | dpl | ||
| 005 | 20080602112520.0 | ||
| 008 | 080602t xxu||||| |||| 00| 0 eng d | ||
| 010 | _aB-262128-168 | ||
| 020 |
_a8176931780 _c50.00 |
||
| 035 | _aB-262128-168 | ||
| 037 |
_a43778 dt/ 22.4.2008 _bSuper Book Distributors/22.4.08/27/8.4.08/19.5.08/50.00/ |
||
| 040 |
_aDPL _bEN |
||
| 082 | _aS | ||
| 245 |
_aJack and the beanstalk / _ctext and illustrated by A.M. Lefevre...[et al] |
||
| 260 |
_aBelgium _bKiddz Bookz _c2007 |
||
| 260 |
_aNew Delhi _bSuper Book Distributors |
||
| 270 |
_aKiddz Bookz _bBelgium |
||
| 270 |
_aF-1/16, Basement Ansari Road, Darya Ganj _bNew Delhi |
||
| 300 |
_aLevel 1, Various pagings _c20cm.(Hb) |
||
| 490 | _aI can read Level 1 | ||
| 942 |
_2ddc _cCH _hS _mJAC |
||
| 999 |
_c13470 _d13470 |
||